Việt Nam - hình ảnh và ấn tượng Viet Nam - sight and sounds :Tài liệu dành cho: học sinh trung học, học sinh các trường chuyên ngữ, người hướng dẫn du lịch, người phiên dịch
Sách song ngữ Anh -Việt
Saved in:
| Main Author: | |
|---|---|
| Format: | Book |
| Language: | Undetermined |
| Published: |
H.
Giáo dục
2001
|
| Subjects: | |
| Online Access: | http://lrc.tdmu.edu.vn/opac/search/detail.asp?aID=2&ID=6174 |
| Tags: |
Add Tag
No Tags, Be the first to tag this record!
|
| Institutions: | Trung tâm Học liệu Trường Đại học Thủ Dầu Một |
|---|
| LEADER | 00881nam a2200217Ia 4500 | ||
|---|---|---|---|
| 001 | TDMU_6174 | ||
| 008 | 210410s9999 xx 000 0 und d | ||
| 082 | |a 910.597 | ||
| 090 | |b TR121 | ||
| 100 | |a Trần, Anh Thơ | ||
| 245 | 0 | |a Việt Nam - hình ảnh và ấn tượng | |
| 245 | 0 | |b Viet Nam - sight and sounds :Tài liệu dành cho: học sinh trung học, học sinh các trường chuyên ngữ, người hướng dẫn du lịch, người phiên dịch | |
| 245 | 0 | |c Trần Anh Thơ | |
| 260 | |a H. | ||
| 260 | |b Giáo dục | ||
| 260 | |c 2001 | ||
| 300 | |a 264tr. | ||
| 520 | |a Sách song ngữ Anh -Việt | ||
| 650 | |a Địa lí |z Việt Nam; Danh thắng |z Việt Nam | ||
| 856 | |u http://lrc.tdmu.edu.vn/opac/search/detail.asp?aID=2&ID=6174 | ||
| 980 | |a Trung tâm Học liệu Trường Đại học Thủ Dầu Một | ||